00581nam a2200169Ia 450000500170000000800410001702000150005808200130007310000180008624500330010426000570013730000130019450000880020794200060029595200950030199900150039620250106034229.0240331s9999 xx 000 0 und d a9555520003 bABEa954 aAbeyasinghe,T 0aJaffna Under the Portuguese  aLake House printers & Publishers LtdbColomboc1986 a55 p .,  aJaffna Under the Portuguese is a study on Portuguesa rule in the Kingdom of Jaffna. cL 001040708LaWERCLbWERCLcSSCd2024-03-31l0o 954 ABEp6717r2024-03-31w2024-03-31yL c5716d5716